| 000 | 01053cam a2200289 i 4500 | ||
|---|---|---|---|
| 001 | 18175688 | ||
| 005 | 20180306075947.0 | ||
| 008 | 140602t20152015paua bf 000 0 eng | ||
| 010 | _a 2014021540 | ||
| 020 | _a9781451193633 (alk. paper) | ||
| 020 | _a1451193637 (alk. paper) | ||
| 035 | _a(DNLM)101633741 | ||
| 040 |
_aDNLM/DLC _cDLC _erda _dDLC |
||
| 041 | _aeng | ||
| 042 | _apcc | ||
| 060 | 1 | 0 | _aWY 49 |
| 080 | _a610.73 LYN | ||
| 082 | 0 | 0 |
_a610.73 LYN _223 |
| 100 | 1 | _a1 | |
| 101 | _aINF | ||
| 245 | 1 | 0 |
_aTaylor's handbook of clinical nursing skills / _cPamela Lynn, MSN, RN, Instructor, Frances M. Maguire School of Nursing and Health Professions, Gwynedd Mercy University, Gwynedd Valley, Pennsylvania. |
| 246 | 1 | _aHandbook of clinical nursing skills | |
| 504 | _aIncludes bibliographical references (pages 990-1000). | ||
| 906 |
_a7 _bcbc _corignew _d1 _eecip _f20 _gy-gencatlg |
||
| 942 |
_2ddc _cBK |
||
| 999 |
_c44198 _d44198 |
||